| 000 | 02556nam0a2200421 4500 | ||
|---|---|---|---|
| 001 | RU\NLR\BIBL_A\022196722 | ||
| 005 | 20240708155811.0 | ||
| 010 |
_a978-5-00208-078-6 _9100 |
||
| 021 |
_aRU _bКН-П-24-014260 _9КН-П-24-1489 |
||
| 035 | _a(NLR Aleph) 022196722 | ||
| 090 |
_a13030727 _c13030727 |
||
| 100 | _a20240415d2023 k y0rusy50 ca | ||
| 101 | 0 |
_arus _aeng |
|
| 102 | _aRU | ||
| 105 | _aa|||z|||100yy | ||
| 181 | 0 |
_ai _baxxe |
|
| 182 | 0 | _an | |
| 200 | 1 |
_aОбразование: взгляд в будущее _eсборник материалов XXI региональной научно-практической конференции "Путь в науку", 2023 год, г. Воронеж _fМинистерство науки и высшего образования Российской Федерации, Воронежский государственный университет, Муниципальное бюджетное общеобразовательное учреждение "Лицей № 1" _gпод ред. Э. П. Жарких, Т. Е. Лапшиной |
|
| 203 |
_aТекст _bвизуальный _cнепосредственный |
||
| 210 |
_aВоронеж _cРИТМ _d2023 |
||
| 215 |
_a205, [1] с. _cил., табл. _d20 |
||
| 300 | _aЧасть текста на англ. яз. | ||
| 320 | _aБиблиогр. в конце ст. | ||
| 601 | 0 | 2 |
_aЛицей _c1; Воронеж, город _jСъезды, совещания и т.п _xУчебно-воспитательная работа _92592978 _3RU\NLR\AUTH\6601741922 |
| 606 | 1 |
_aШколы _jСъезды, совещания и т.п _xУчебно-воспитательная работа _92299474 _3RU\NLR\AUTH\661376762 |
|
| 686 | 1 | _aЧ421.2я431 | |
| 686 | 1 | _aЧ421.3я431 | |
| 686 | 1 | _aЧ424(2Р-4Вр)7я431 | |
| 702 | 1 |
_aЖарких _bЭ. П. _4340 |
|
| 711 | 1 | 2 |
_a"Путь в науку", региональная научно-практическая конференция _d21 _eВоронеж _f2023 _9880874 _3RU\NLR\AUTH\880609023 |
| 712 | 0 | 2 |
_4570 _aВоронежский государственный университет _9339578 _3RU\NLR\AUTH\889921742 |
| 712 | 0 | 2 |
_4570 _aЛицей _c1; Воронеж _9884166 _3RU\NLR\AUTH\880612315 |
| 942 | _cBOOK | ||
| 980 | _aNB | ||